000 00724am a2200277a 44500
003 AR-BaBNM
005 20251128211125.0
008 182120s1993 #AR|||||||||||000 | esp||
020 _a950-766-005-4
040 _cAR-BaBNM
100 1 _aAbínzano, Roberto
245 1 0 _aCaminos de la integración latinoamericana
260 _aPosadas
_bUniversidad Nacional de Misiones
_c1993
300 _a190 p.
_btablas
490 0 _aContemporánea
650 4 _aHISTORIA ARGENTINA
650 4 _aSIGLO VEINTE
650 4 _aHISTORIA POLITICA
650 4 _aHISTORIA ECONOMICA
650 4 _aHISTORIA LATINOAMERICANA
651 4 _aBrasil
651 4 _aArgentina
653 _aMERCOSUR
942 _cBK
998 _cmariana
999 _c18336
_d18336